01700nam a2200433 i 450000100060000000300080000600500170001400600190003100700150005000800410006502000280010603500220013404000310015605000220018708000140020908200140022310000280023724500560026526400710032130000410039233600310043333700330046433800430049750400430054058800830058359001620066665000210082865000230084965000530087265000270092565000270095265000590097965100500103865100530108865500270114179700180116885600630118699900170124971746FINmELB20241217143327.0m o u cr cn|||||||||220424s2020 mx ob 000 0 spa d a9786078782079q(e-book) a(OCoLC)1319769290 aFINmELBbspaerdacFINmELB14aHQ1075bB661 2020 a159.923.204a305.32231 aBénard Calva, Silvia.10aVoces desde la diversidad /cSilvia Bénard Calva. 1aAguascalientes :bUniversidad Autónoma de Aguascalientes,c2020. a1 recurso en línea (219 páginas) atextobtxt2rdacontent/spa acomputadorabc2rdamedia/spa arecurso en líneabcr2rdacarrier/spa aContiene referencias bibliográficas. aDescripción basada en metadatos suministrados por el editor y otras fuentes. aRecurso electrónico. Santa Fe, Arg.: elibro, 2022. Disponible vía World Wide Web. El acceso puede estar limitado para las bibliotecas afiliadas a elibro. 0aGender identity. 0aEthnologyzMexico. 0aSociology, UrbanzMexicozAguascalientes (State) 4aIdentidad de género. 4aEtnologíazMéxico. 4aSociología urbanazMéxicozAguascalientes (Estado) 0aAguascalientes (México)xSocial conditions. 4aAguascalientes (México)xCondiciones sociales. 4aLibros electrónicos.2 aelibro, Corp.40uhttps://elibro.net/ereader/politecnicointernacional/172452 c71746d71746